Factura de crédito. Simplificación del cheque diferido (Registro nro. 3421)
[ vista simple ]
| 000 -LEADER | |
|---|---|
| fixed length control field | 01761 a2200229 4500 |
| 001 - CONTROL NUMBER | |
| control field | 41208 |
| 005 - DATE AND TIME OF LATEST TRANSACTION | |
| control field | 20260407155706.0 |
| 008 - FIXED-LENGTH DATA ELEMENTS--GENERAL INFORMATION | |
| fixed length control field | 260407a1997 arg spa d |
| 003 - CONTROL NUMBER IDENTIFIER | |
| control field | AR-UNSa-BCEJYS |
| 040 ## - CATALOGING SOURCE | |
| Original cataloging agency | AR-UNSa-BCEJYS |
| Language of cataloging | spa |
| Transcribing agency | AR-UNSa-BCEJYS |
| 080 ## - UNIVERSAL DECIMAL CLASSIFICATION NUMBER | |
| Universal Decimal Classification number | 347.73 |
| Common auxiliary subdivision | Organizaciones comerciales. Derecho financiero (títulos de crédito) |
| 020 ## - INTERNATIONAL STANDARD BOOK NUMBER | |
| International Standard Book Number | 950-894-089-1 |
| 041 ## - LANGUAGE CODE | |
| Language code of text/sound track or separate title | spa |
| 100 1# - MAIN ENTRY--PERSONAL NAME | |
| Personal name | Highton, Federico R. |
| 245 10 - TITLE STATEMENT | |
| Title | Factura de crédito. Simplificación del cheque diferido |
| Name of part/section of a work | otros efectos de la ley 24.760 sobre: cheques, concursos, código penal e infracción fiscal |
| 264 #1 - PRODUCTION, PUBLICATION, DISTRIBUTION, MANUFACTURE, AND COPYRIGHT NOTICE | |
| Place of production, publication, distribution, manufacture | Buenos Aires : |
| Name of producer, publisher, distributor, manufacturer | AD-HOC |
| Date of production, publication, distribution, manufacture, or copyright notice | 1997 |
| 300 ## - PHYSICAL DESCRIPTION | |
| Extent | 140 p. |
| Dimensions | 23 cm. |
| 505 ## - FORMATTED CONTENTS NOTE | |
| Formatted contents note | 1. Contenido, estructura, efectos y objetivos de la ley 24.760 - 2. Normas reglamentarias y complementarias sobre factura de crédito y documentos equivalentes - 3. Factura de crédito: alcance de la obligatoriedad del sistema. Campo de acción remamente de la factura común - 4. Campo de acción remanente del cheque común, la letra de cambio y el pagaré. El caso de la prenda con registro - 5. Requisitos de la factura de crédito. El recibo de factura o recibo factura. Incumplimiento de los requisitos - 6. Circulación de la factura de crédito - 7. Recursos por falta de aceptación y/o pago de la factura de crédito - 8. Factura de crédito: intervención. Normas supletorias. Prescripción - 9. Modificaciones a la Ley de Cheques - 10. A modo de balance sobre las reformas: espacio del cheque de pago diferido dentro y fuera del régimen de las facturas de crédito - 11. Apéndice normativo |
| 590 ## - LOCAL NOTE (RLIN) | |
| Local note | niveau_biblio:m niveau_hierar:0 |
| 856 41 - ELECTRONIC LOCATION AND ACCESS | |
| Uniform Resource Identifier | <a href="https://biblioeco.unsa.edu.ar/pmb/images/libros/factura_de_credito.jpg">https://biblioeco.unsa.edu.ar/pmb/images/libros/factura_de_credito.jpg</a> |
| Link text | Imagen de portada |
| Electronic format type | image/jpeg |
| 942 ## - ADDED ENTRY ELEMENTS (KOHA) | |
| Koha item type | |
| Withdrawn status | Lost status | Damaged status | Not for loan | Home library | Current library | Shelving location | Date acquired | Total checkouts | Full call number | Barcode | Date last seen | Price effective from | Koha item type |
|---|---|---|---|---|---|---|---|---|---|---|---|---|---|
| Biblioteca Prof. Eusebio Cleto del Rey | Biblioteca Prof. Eusebio Cleto del Rey | 07/04/2026 | 347.73 H638 | L126447 | 07/04/2026 | 07/04/2026 | Libro |